World Capitals whose Closest Larger 1M Non-Capital is Naples or Dar es Salaam - Statistics

General Stats
  • This quiz has been taken 56 times
  • The average score is 8 of 17
Answer Stats
D (km) Capital City % Correct
188 Rome
90%
667 Nairobi
74%
190 Vatican City
74%
570 Tunis
64%
471 Tirana
56%
475 Sarajevo
52%
1081 Kampala
50%
610 Pristina
46%
887 Tripoli
46%
1191 Mogadishu
44%
454 Podgorica
44%
396 Dodoma
38%
1610 Antananarivo
36%
614 Skopje
36%
1531 Lusaka
34%
696 Moroni
30%
2461 Port Louis
22%
No matching quizzes found
Score Distribution
Percent of People with Each Score
Percentile by Number Answered
Your Score History
You have not taken this quiz